LEADER 01542nam 2200373Ia 450 001 996388171503316 005 20221108045430.0 035 $a(CKB)1000000000634543 035 $a(EEBO)2240914691 035 $a(OCoLC)9920463200971 035 $a(EXLCZ)991000000000634543 100 $a19950918d1603 uy | 101 0 $aeng 135 $aurbn||||a|bb| 200 10$aBy the King$b[electronic resource] $ewhere in a proclamation (lately by vs published) for considerations therein expressed, we prescribed a course whereby the complaints of our people might bee taken away .. 210 $aImprinted at London $cBy Robert Barker, Printer to the Kings most excellent Maiestie$dAnno Dom. 1603 215 $a1 sheet ([1] p.) 300 $aAnnouncing surrender of the patent for tin. 300 $aContains historiated initial. 300 $a"Giuen at our Mannour of Greenwich the 16. day of Iune, in the first yeere of our Reigne of England, France, and Ireland, And in the sixe and thirtieth of Scotland." 300 $aReproduction of original in: Society of Antiquaries. 330 $aeebo-0147 606 $aTin industry$zEngland$vEarly works to 1800 607 $aGreat Britain$xHistory$yJames I, 1603-1625 608 $aBroadsides$zLondon (England)$y17th century.$2rbgenr 615 0$aTin industry 701 $aJames$cKing of England,$f1566-1625.$01001019 801 0$bEBK 801 1$bEBK 801 2$bWaOLN 906 $aBOOK 912 $a996388171503316 996 $aBy the King$92299281 997 $aUNISA LEADER 02588oam 2200625 450 001 9910715938403321 005 20210416095330.0 035 $a(CKB)5470000002516712 035 $a(OCoLC)681282377$z(OCoLC)631143402$z(OCoLC)667898173$z(OCoLC)974647512$z(OCoLC)1153330102 035 $a(OCoLC)995470000002516712 035 $a(EXLCZ)995470000002516712 100 $a20101113d1993 ua 0 101 0 $aeng 135 $aurbn||||||||| 181 $ctxt$2rdacontent 182 $cc$2rdamedia 183 $acr$2rdacarrier 200 10$aSurface-water and streambed-sediment quality of streams draining surface-mined land reclaimed with sewage sludge, Fulton County, Illinois, 1972-89 /$fby Richard H. Coupe and Jo A. Macy ; prepared in cooperation with the Metropolitan Water Reclamation District of Greater Chicago 210 1$aUrbana, Illinois :$cU.S. Geological Survey,$d1993. 215 $a1 online resource (v, 53 pages) $cillustrations, maps 225 1 $aWater-resources investigations report ;$v93-4056 320 $aIncludes bibliographical references (pages 38-39). 517 3 $aSurface water and streambed sediment quality of streams in Fulton County, Illinois, 1972-89 606 $aSewage sludge$xEnvironmental aspects$zIllinois$zFulton County 606 $aStrip mining$xEnvironmental aspects$zIllinois$zFulton County 606 $aReclamation of land$zIllinois$zFulton County 606 $aWater quality$zIllinois$zFulton County 606 $aReclamation of land$2fast 606 $aSewage sludge$xEnvironmental aspects$2fast 606 $aWater quality$2fast 607 $aIllinois$zFulton County$2fast 615 0$aSewage sludge$xEnvironmental aspects 615 0$aStrip mining$xEnvironmental aspects 615 0$aReclamation of land 615 0$aWater quality 615 7$aReclamation of land. 615 7$aSewage sludge$xEnvironmental aspects. 615 7$aWater quality. 700 $aCoupe$b Richard H$g(Richard Henry),$f1954-$01395793 702 $aMacy$b Jo Ann 712 02$aGeological Survey (U.S.), 712 02$aMetropolitan Water Reclamation District of Greater Chicago (Ill.) 801 0$bOCLCE 801 1$bOCLCE 801 2$bOCLCQ 801 2$bOCLCF 801 2$bOCLCO 801 2$bOCLCQ 801 2$bCOP 801 2$bOCLCO 801 2$bGPO 906 $aBOOK 912 $a9910715938403321 996 $aSurface-water and streambed-sediment quality of streams draining surface-mined land reclaimed with sewage sludge, Fulton County, Illinois, 1972-89$93510215 997 $aUNINA